<?xml version="1.0" encoding="UTF-8"?>
<record
    xmlns:xsi="http://www.w3.org/2001/XMLSchema-instance"
    xsi:schemaLocation="http://www.loc.gov/MARC21/slim http://www.loc.gov/standards/marcxml/schema/MARC21slim.xsd"
    xmlns="http://www.loc.gov/MARC21/slim">

  <leader>00651nam a22001217a 4500</leader>
  <datafield tag="040" ind1=" " ind2=" ">
    <subfield code="c">rua</subfield>
  </datafield>
  <datafield tag="100" ind1=" " ind2=" ">
    <subfield code="a">LIM MENGSRONG &#x179B;&#x17B8;&#x1798; &#x1798;&#x17C9;&#x17C1;&#x1784;&#x179F;&#x17D2;&#x179A;&#x17BB;&#x1784;</subfield>
  </datafield>
  <datafield tag="245" ind1=" " ind2=" ">
    <subfield code="a">STUDY ON LAND MARKET CHANGE IN SANGLAT KANTAOK, KHAN KAMBOUL, PHNOM PENH &#x179F;&#x17B7;&#x1780;&#x17D2;&#x179F;&#x17B6;&#x17A2;&#x17C6;&#x1796;&#x17B8;&#x1780;&#x17B6;&#x179A;&#x1794;&#x1798;&#x17D2;&#x179A;&#x17C2;&#x1794;&#x1798;&#x17D2;&#x179A;&#x17BD;&#x179B;&#x1791;&#x17B8;&#x1795;&#x17D2;&#x179F;&#x17B6;&#x179A;&#x178A;&#x17B8;&#x1792;&#x17D2;&#x179B;&#x17B8;&#x1793;&#x17C5;&#x179F;&#x1784;&#x17D2;&#x1780;&#x17B6;&#x178F;&#x17CB;&#x1780;&#x1793;&#x17D2;&#x1791;&#x17C4;&#x1780; &#x1781;&#x178E;&#x17D2;&#x178C;&#x1780;&#x17C6;&#x1794;&#x17BC;&#x179B; &#x179A;&#x17B6;&#x1787;&#x1792;&#x17B6;&#x1793;&#x17B8;&#x1797;&#x17D2;&#x1793;&#x17C6;&#x1796;&#x17C1;&#x1789;</subfield>
  </datafield>
  <datafield tag="260" ind1=" " ind2=" ">
    <subfield code="a">PHNOM PENH</subfield>
    <subfield code="b">RUA</subfield>
    <subfield code="c">2023</subfield>
  </datafield>
  <datafield tag="300" ind1=" " ind2=" ">
    <subfield code="a">X.58P</subfield>
    <subfield code="b">VII.</subfield>
    <subfield code="c">29CM</subfield>
  </datafield>
  <datafield tag="856" ind1=" " ind2=" ">
    <subfield code="u">https://drive.google.com/file/d/1O06ZZfvKhyT76waazwIVF7sacreLJBBj/view?usp=sharing</subfield>
  </datafield>
  <datafield tag="942" ind1=" " ind2=" ">
    <subfield code="c">LMA</subfield>
  </datafield>
  <datafield tag="999" ind1=" " ind2=" ">
    <subfield code="c">23193</subfield>
    <subfield code="d">23193</subfield>
  </datafield>
  <datafield tag="952" ind1=" " ind2=" ">
    <subfield code="0">0</subfield>
    <subfield code="1">0</subfield>
    <subfield code="2">ddc</subfield>
    <subfield code="4">0</subfield>
    <subfield code="6">LMA_LIM_2023_000000000000000_B1498_OR</subfield>
    <subfield code="7">0</subfield>
    <subfield code="9">99483</subfield>
    <subfield code="a">LBB</subfield>
    <subfield code="b">LBB</subfield>
    <subfield code="c">B1.498</subfield>
    <subfield code="d">2024-06-26</subfield>
    <subfield code="l">1</subfield>
    <subfield code="o">LMA LIM 2023 B1-498 Or.</subfield>
    <subfield code="p">a076815</subfield>
    <subfield code="r">2025-05-16</subfield>
    <subfield code="s">2025-05-05</subfield>
    <subfield code="w">2024-06-26</subfield>
    <subfield code="y">LMA</subfield>
  </datafield>
  <datafield tag="952" ind1=" " ind2=" ">
    <subfield code="0">0</subfield>
    <subfield code="1">0</subfield>
    <subfield code="2">ddc</subfield>
    <subfield code="4">0</subfield>
    <subfield code="6">LMA_LIM_2023_000000000000000_B1498_OR</subfield>
    <subfield code="7">0</subfield>
    <subfield code="9">99484</subfield>
    <subfield code="a">LBB</subfield>
    <subfield code="b">LBB</subfield>
    <subfield code="c">B1.498</subfield>
    <subfield code="d">2024-06-26</subfield>
    <subfield code="l">1</subfield>
    <subfield code="o">LMA LIM 2023 B1-498 Or.</subfield>
    <subfield code="p">a076727</subfield>
    <subfield code="r">2025-07-14</subfield>
    <subfield code="s">2025-03-18</subfield>
    <subfield code="w">2024-06-26</subfield>
    <subfield code="y">LMA</subfield>
  </datafield>
  <datafield tag="952" ind1=" " ind2=" ">
    <subfield code="0">0</subfield>
    <subfield code="1">0</subfield>
    <subfield code="2">ddc</subfield>
    <subfield code="4">0</subfield>
    <subfield code="6">LMA_LIM_2023_000000000000000_B1498_OR</subfield>
    <subfield code="7">0</subfield>
    <subfield code="9">99485</subfield>
    <subfield code="a">LBB</subfield>
    <subfield code="b">LBB</subfield>
    <subfield code="c">B1.498</subfield>
    <subfield code="d">2024-06-26</subfield>
    <subfield code="o">LMA LIM 2023 B1-498 Or.</subfield>
    <subfield code="p">a076723</subfield>
    <subfield code="r">2024-06-26</subfield>
    <subfield code="w">2024-06-26</subfield>
    <subfield code="y">LMA</subfield>
  </datafield>
  <datafield tag="952" ind1=" " ind2=" ">
    <subfield code="0">0</subfield>
    <subfield code="1">0</subfield>
    <subfield code="2">ddc</subfield>
    <subfield code="4">0</subfield>
    <subfield code="6">LMA_LIM_2023_000000000000000_B1498_OR</subfield>
    <subfield code="7">0</subfield>
    <subfield code="9">99486</subfield>
    <subfield code="a">LBB</subfield>
    <subfield code="b">LBB</subfield>
    <subfield code="c">B1.498</subfield>
    <subfield code="d">2024-06-26</subfield>
    <subfield code="o">LMA LIM 2023 B1-498 Or.</subfield>
    <subfield code="p">a076603</subfield>
    <subfield code="r">2024-06-26</subfield>
    <subfield code="w">2024-06-26</subfield>
    <subfield code="y">LMA</subfield>
  </datafield>
</record>
